|
|
|
|
| LEADER |
02453cam a2200469 i 4500 |
| 001 |
nkc20183038072 |
| 003 |
CZ PrNK |
| 005 |
20260216235008.0 |
| 007 |
ta |
| 008 |
181218s2018 xr g 000 f cze d |
| 015 |
|
|
|a cnb003038072
|
| 020 |
|
|
|a 978-80-249-3743-4
|q (vázáno)
|
| 035 |
|
|
|a (OCoLC)1085411228
|
| 040 |
|
|
|a UOG001
|b cze
|d UOG001
|d ABG001
|d ABA001
|e rda
|
| 041 |
1 |
|
|a cze
|h eng
|
| 072 |
|
7 |
|a 821.111(73)-3
|x Americká próza
|2 Konspekt
|9 25
|
| 080 |
|
|
|a 821.111(73)-31
|2 MRF
|
| 080 |
|
|
|a (0:82-312.5)
|2 MRF
|
| 100 |
1 |
|
|a Caldwell, Christi
|7 xx0226818
|4 aut
|
| 240 |
1 |
0 |
|a Scoundrel's honor.
|l Česky
|
| 245 |
1 |
0 |
|a Čest ničemy /
|c Christi Caldwellová ; přeložila Renáta Tetřevová
|
| 250 |
|
|
|a Vydání první
|
| 264 |
|
1 |
|a Praha :
|b Ikar,
|c 2018
|
| 300 |
|
|
|a 309 stran ;
|c 21 cm
|
| 336 |
|
|
|a text
|b txt
|2 rdacontent
|
| 337 |
|
|
|a bez média
|b n
|2 rdamedia
|
| 338 |
|
|
|a svazek
|b nc
|2 rdacarrier
|
| 500 |
|
|
|a Přeloženo z angličtiny
|
| 520 |
2 |
|
|a Osmnáctiletá lady Penelope Tidemorová je uváděna do společnosti za velmi ztížených podmínek - její starší sourozenci svého času způsobili vždy nějaký skandál, a to londýnská smetánka neodpouští.
|b Lady Penelope Tidemorová ví, že na ni budou upřeny zraky celé společenské smetánky. Ona je však odhodlána udělat vše správně a najít tu pravou, romantickou lásku. Ovšem stačí chvilka nepozornosti a její pověst je v troskách. A může za to Ryker Black, majitel nechvalně proslulého hráčského doupěte. Jediným východiskem je svatba. Ryker přitom dobře ví, že pokud k sobě Penelope připoutá, vystaví ji všem hrozbám svého krutého světa. Jeho ničemná čest se však dostane do sporu s něčím, o čem ani netušil, že má - se srdcem... Nakladatelská anotace. Kráceno.
|
| 655 |
|
7 |
|a americké romány
|7 fd131796
|2 czenas
|
| 655 |
|
7 |
|a milostné romány
|7 fd132840
|2 czenas
|
| 655 |
|
9 |
|a American fiction
|2 eczenas
|
| 655 |
|
9 |
|a love novels
|2 eczenas
|
| 700 |
1 |
|
|a Tetřevová, Renáta,
|d 1971-
|7 jn20000401546
|4 trl
|
| 856 |
4 |
1 |
|u http://www.digitalniknihovna.cz/mzk/uuid/uuid:04b38270-fde0-11f0-9987-1a1fd07dde19
|y Digitalizovaný dokument
|x NDK
|
| 910 |
2 |
|
|a BOA001
|b 2-1417.817
|
| 920 |
|
|
|a 4451504
|z ABG001
|
| 928 |
9 |
|
|a Euromedia Group - Ikar
|
| 990 |
|
|
|a BK
|
| 995 |
|
|
|a 01
|
| 991 |
|
|
|b 201901
|c NOV
|
| 996 |
6 |
|
|b 2610767108
|c 2-1417.817
|l MZK
|r Sklad / do 1 hodiny
|n 0
|p p.v.
|w 001701995
|u 000010
|a 1
|e BOA001
|j MZK50
|s P
|